01053 2200349 4500001002100000005001500021035002000036007000300056040001200059100002800071245011700099250001200216300004000228504002600268020002200294041000800316082000800324084001400332090001800346264003200364336002100396337003000417338002300447500002300470650003500493700004100528700004500569850001000614008004100624990001900665990001900684INLIS00000000000648720260412072844 a0010-0422000092ta aSBPUPAD0 aDwi YuliantiePengarang1 aBermain Sambil Belajar Sains :bdi Taman Kanak-Kanak /cDwi Yulianti;penyunting, Febrianti ID dan Bambang Wijaya a.-cet.1 aviii, 213 hlm. :billus. ;c22,5 cm aBibliografi, hlm 207 a978-979-062-076-607aind a371 a372 DWI b a372 DWI b 9-8 a.--Jakarta :bIndeks,c2010 2rdacontentaTeks 2rdamediaaTanpa Perantara 2rdacarrieravolume aglosarium, hlm 209 4aPendidikan Anak Usia Dini (TK)0 aPenyunting1, Febrianti IDePengarang0 aPenyunting 2, Bambang SarwijiePengarang aPUPAD260412 0  a18201/Br- 2013 a18199/Br- 2013